Detalles MARC
| 000 -LEADER |
| fixed length control field |
01979 am a2200217 a 4500 |
| 005 - FECHA ULTIMA MODIFICACION |
| control field |
20240815112440.0 |
| 008 - CAMPO DE CONTROL (LIBRO) |
| fixed length control field |
100615s1993||||ag # g |||| 000 0 spa d |
| 020 ## - INTERNATIONAL STANDARD BOOK NUMBER |
| ISBN |
9507220372 |
| 041 ## - CODIGO DE IDIOMA |
| Código de idioma del texto/pista de sonido o título separado |
spa |
| 092 ## - SIGNATURA TOPOGRAFICA DEWEY LOCAL |
| número de clasificación |
880 |
| libristica |
51 |
| sección |
MAR |
| 100 1# - ENTRADA PRINCIPAL--NOMBRE PERSONAL |
| Nombre personal |
Marin, Dolores. |
| 9 (RLIN) |
1215 |
| 245 ## - TITULO PROPIAMENTE DICHO |
| Título |
Hipócrates. |
| Subtítulo y Título paralelo |
Aforismos / |
| Mención de responsabilidad y remanente de la transcripción de la portada |
Dolores Marín. |
| 250 ## - MENCION DE EDICION |
| Mención de edición |
1a ed. |
| Mención de responsabilidad relacionada con la ed. |
Selección, traducciones y prólogo de Dolores Marin. |
| 260 ## - PIE DE IMPRENTA |
| Lugar de publicación, distribución, etc |
Buenos Aires: |
| Nombre de la editorial, distribuidor, etc |
Andrómeda; |
| Fecha de publicación |
1993. |
| 300 ## - DESCRIPCION FISICA |
| Extension |
121 p. |
| 500 ## - NOTA GENERAL |
| Nota general |
Marin, D. (1993). Hipócrates. Aforismos. (1a ed.). Buenos Aires : Andromeda. |
| 505 ## - NOTA DE CONTENIDO |
| Nota de contenido formateada |
Hipócrates, el padre de la medicina, nació en la isla de Cos alrededor del año 460 C.C., y murió en el 395 A.C. Fue el médico más famoso de la Antigua Grecia, y a él se le atribuyen los numerosos tratados de medicina de la época. Pero su verdadera importancia estriba en el hecho de que, a partir de él, la ciencia médica se desvincula de la concepción religiosa, y de todas las prácticas supersticiosas con las que se ha asociado el proceso de curación o el tratamiento de las enfermedades. Según Hipócrates, la enfermedad era consecuencia de la desproporción o impureza de los cuatro humores fundamentales: sangre, flema, bilis amarilla y bilis negra, que corresponden a los cuatro elementos naturales: aire, tierra, agua y fuego. La acción de los elementos era regida por la vis natural (fuerza de la naturaleza), por la cual el cuerpo enfermo, según su teoría, poseería una tendencia natural a curarse a sí mismo, eliminando y combatiendo la impureza de los humores. El médico simplemente debía observar con atención el curso de la enfermedad, e intervenir en auxilio de la naturaleza en el momento preciso. En los Aforismo que aquí presentamos se resumen, de manera práctica y comprensible, los fundamentos de sus teorías curativas y de observación, que darían origen a la ciencia médica en occidente. |
| 653 ## - TÉRMINO INDIZADO - PALABRAS CLAVES |
| Palabra clave |
Literatura |
| 930 ## - NUMERO DE INVENTARIO |
| Número de inventario |
1688 |
| 942 ## - ADDED ENTRY ELEMENTS (KOHA) |
| Source of classification or shelving scheme |
Dewey Decimal Classification |
| Item type |
Libros |